Ratanlal & Dhirajlal's law of crimes with list of Malaysian cases : (Record no. 1942)
[ view plain ]
| 000 -LEADER | |
|---|---|
| fixed length control field | nam a22 a 4500 |
| 003 - CONTROL NUMBER IDENTIFIER | |
| control field | AKMAL |
| 005 - DATE AND TIME OF LATEST TRANSACTION | |
| control field | 20170512141710.0 |
| 008 - FIXED-LENGTH DATA ELEMENTS--GENERAL INFORMATION | |
| fixed length control field | 170512s1997 ii g l i|01 | eng d |
| 020 ## - INTERNATIONAL STANDARD BOOK NUMBER | |
| International Standard Book Number | 8185224730 (set) |
| 020 ## - INTERNATIONAL STANDARD BOOK NUMBER | |
| International Standard Book Number | 8185224722 (v. 1) : |
| Terms of availability | RM 190.00 |
| 020 ## - INTERNATIONAL STANDARD BOOK NUMBER | |
| International Standard Book Number | 8185224781 (v. 2) : |
| Terms of availability | RM75.00 |
| 039 #9 - LEVEL OF BIBLIOGRAPHIC CONTROL AND CODING DETAIL [OBSOLETE] | |
| Level of rules in bibliographic description | 200506161558 |
| Level of effort used to assign nonsubject heading access points | normila |
| 040 ## - CATALOGING SOURCE | |
| Original cataloging agency | AKMAL |
| Transcribing agency | AKMAL |
| 043 ## - GEOGRAPHIC AREA CODE | |
| Geographic area code | a-my--- |
| 049 ## - LOCAL HOLDINGS (OCLC) | |
| Holding library | mal |
| 082 04 - DEWEY DECIMAL CLASSIFICATION NUMBER | |
| Classification number | 345.59502 LAW |
| 090 00 - LOCALLY ASSIGNED LC-TYPE CALL NUMBER (OCLC); LOCAL CALL NUMBER (RLIN) | |
| Classification number (OCLC) (R) ; Classification number, CALL (RLIN) (NR) | 345.59502 |
| Local cutter number (OCLC) ; Book number/undivided call number, CALL (RLIN) | LAW |
| 100 0# - MAIN ENTRY--PERSONAL NAME | |
| Personal name | Ratanlal Ranchhoddas |
| 9 (RLIN) | 4028 |
| 240 10 - UNIFORM TITLE | |
| Uniform title | Law of crimes |
| 245 10 - TITLE STATEMENT | |
| Title | Ratanlal & Dhirajlal's law of crimes with list of Malaysian cases : |
| Remainder of title | arranged by sections [1932-1996] / |
| Statement of responsibility, etc. | Ratanlal & Dhirajlal's; revised by C.K. Thakker |
| 250 ## - EDITION STATEMENT | |
| Edition statement | 24th ed. |
| 260 ## - PUBLICATION, DISTRIBUTION, ETC. | |
| Place of publication, distribution, etc. | New Delhi : |
| Name of publisher, distributor, etc. | Bharat Law House, |
| Date of publication, distribution, etc. | 1998 |
| 300 ## - PHYSICAL DESCRIPTION | |
| Extent | 2 v. ; |
| Dimensions | 25cm |
| 500 ## - GENERAL NOTE | |
| General note | First edition published in 1901 |
| 500 ## - GENERAL NOTE | |
| General note | Includes index |
| 504 ## - BIBLIOGRAPHY, ETC. NOTE | |
| Bibliography, etc. note | Includes bibliographical references |
| 505 0# - FORMATTED CONTENTS NOTE | |
| Formatted contents note | v. 1. ss.- 1 to 298 |
| 650 #0 - SUBJECT ADDED ENTRY--TOPICAL TERM | |
| Topical term or geographic name entry element | Criminal law |
| Geographic subdivision | Malaysia |
| 9 (RLIN) | 3716 |
| 650 #0 - SUBJECT ADDED ENTRY--TOPICAL TERM | |
| Topical term or geographic name entry element | Criminal law |
| General subdivision | Cases |
| Geographic subdivision | Malaysia |
| 9 (RLIN) | 4029 |
| 700 1# - ADDED ENTRY--PERSONAL NAME | |
| Personal name | Thakker, C. K. |
| 9 (RLIN) | 4030 |
| 942 ## - ADDED ENTRY ELEMENTS (KOHA) | |
| Source of classification or shelving scheme | |
| Koha item type | Book |
| Withdrawn status | Lost status | Source of classification or shelving scheme | Damaged status | Not for loan | Collection code | Home library | Current library | Date acquired | Inventory number | Total Checkouts | Full call number | Barcode | Date last seen | Price effective from | Koha item type |
|---|---|---|---|---|---|---|---|---|---|---|---|---|---|---|---|
| NON-FICTION | AKMAL Melaka | AKMAL Melaka | 12.05.2017 | 002991 (vol. 1) | 345.59502 LAW | 201705839 | 12.05.2017 | 12.05.2017 | Book | ||||||
| NON-FICTION | AKMAL Melaka | AKMAL Melaka | 12.05.2017 | 002990 (vol 2) | 345.59502 LAW | 201705837 | 12.05.2017 | 12.05.2017 | Book |
